Processes of graphic reproduction in printing.

Bibliographic Details
Main Author: Curwen, Harold, 1885-1949
Format: Book
Language:English
Published: London : Faber and Faber, [1947]
Edition:[New ed.].
Subjects:

MARC

Tag First Indicator Second Indicator Subfields
LEADER 00000cam a2200000 4500
001 in00000030586
005 20151007061644.0
008 740925s1947 enkacf b 001 0 eng u
010 |a a 49002053  
035 |a (OCoLC)01020471 
035 |9 AAD2684AM 
040 |c ITD  |d TXA  |d UtOrBLW 
049 |a TXAM  |c [177682] 
050 1 0 |a NE2810  |b .C 
082 0 |a 760 
090 |a NE2810  |b .C87 1947 
092 |a 760  |b C982p, 1947 
100 1 |a Curwen, Harold,  |d 1885-1949. 
245 1 0 |a Processes of graphic reproduction in printing. 
246 3 0 |a Graphic reproduction in printing 
250 |a [New ed.]. 
264 1 |a London :  |b Faber and Faber,  |c [1947] 
264 3 |c 1949 printing 
300 |a xvi, 143 pages, 12 unnumbered leaves of plates :  |b illustrations (part color) color portrait ;  |c 23 cm. 
336 |a text  |b txt  |2 rdacontent 
337 |a unmediated  |b n  |2 rdamedia 
338 |a volume  |b nc  |2 rdacarrier 
500 |a First published in 1934. 
504 |a Includes bibliographical references (pages [139]-143) and seasonal index. 
650 0 |a Engraving  |x Printing. 
650 0 |a Bookbinding. 
949 |a updated  |b h  |c 2004/2/26  |e fpiscitelli  |f 11:14:11 am 
999 |a MARS 
999 f f |s 6491aa7e-d18a-3ae7-adbd-898be9f82c56  |i 0bfb2781-0d41-39fd-ab7f-bdc90b6f49aa  |t 0 
952 f f |p normal  |a Texas A&M University  |b College Station  |c Sterling C. Evans Library  |d Evans: Library Stacks  |t 0  |e NE2810 .C87 1947  |h Library of Congress classification  |i unmediated -- volume  |m A14801159338 
998 f f |a NE2810 .C87 1947  |t 0  |l Evans: Library Stacks